| 000 | 00384nam a22001337a 4500 | ||
|---|---|---|---|
| 008 | 140110b xxu||||| |||| 00| 0 eng d | ||
| 050 | _aBX1378.7.V187 2013 | ||
| 100 |
_aVallely, Paul _96518 |
||
| 245 |
_aPope Francis _bUntying the knots _c Paul Vallely |
||
| 260 |
_aLondon _bBloomsbury _c2013 |
||
| 300 |
_axii; 227p.; _c22cm |
||
| 600 |
_aFrancis _96519 |
||
| 942 |
_2lcc _cMONOGRAPH _01 |
||
| 999 |
_c119520 _d119520 |
||